[Event "Rheinland Pfalz op 53th"]
[Site "Heimbach Weis"]
[Date "2025.06.22"]
[Round "7"]
[White "Pauls, Florian"]
[Black "Huschens, Matthias"]
[Result "1/2-1/2"]
[WhiteElo "1755"]
[BlackElo "2092"]
[PlyCount "70"]
[EventDate "2025.06.19"]
[EventType "swiss"]
[EventRounds "7"]
[EventCountry "GER"]
[SourceTitle "CB26_2025"]
[SourceDate "2025.06.25"]
[SourceVersion "1"]
[SourceVersionDate "2025.06.25"]
[SourceQuality "1"]

1. d4 d5 2. c4 e6 3. Nc3 h6 4. cxd5 exd5 5. Bf4 c6 6. e3 Bd6 7. Bxd6 Qxd6 8. Bd3 Ne7 9. Qc2 Qf6 10. Nf3 0-0 11. 0-0 Bf5 12. Ne5 Bxd3 13. Qxd3 Qd6 14. b4 a6 15. a4 Nd7 16. Nxd7 Qxd7 17. b5 axb5 18. axb5 Qg4 19. bxc6 bxc6 20. Ne2 h5 21. h3 Qg5 22. Nf4 g6 23. Qe2 Nf5 24. Nd3 Rxa1 25. Rxa1 Re8 26. Qd1 Nh4 27. Nf4 Re4 28. g3 Nf5 29. Ra8+ Kg7 30. Qf3 h4 31. Qg4 Qh6 32. gxh4 Qxh4 33. Qxh4 Nxh4 34. Nd3 Nf5 35. Rc8 Re6 1/2-1/2

[Event "Rheinland Pfalz op 53th"]
[Site "Heimbach Weis"]
[Date "2025.06.19"]
[Round "1"]
[White "Zimmer, Elmar"]
[Black "Huschens, Matthias"]
[Result "0-1"]
[WhiteElo "1738"]
[BlackElo "2092"]
[PlyCount "58"]
[EventDate "2025.06.19"]
[EventType "swiss"]
[EventRounds "7"]
[EventCountry "GER"]
[SourceTitle "CB26_2025"]
[SourceDate "2025.06.25"]
[SourceVersion "1"]
[SourceVersionDate "2025.06.25"]
[SourceQuality "1"]

1. c4 d6 2. Nc3 g6 3. g3 Bg7 4. Bg2 c5 5. e3 Nc6 6. Nge2 e5 7. 0-0 Nge7 8. f4 0-0 9. a3 Be6 10. Nd5 Rb8 11. Nec3 Bf5 12. d3 Qd7 13. Rf2 Nxd5 14. Nxd5 Ne7 15. e4 Nxd5 16. cxd5 Bg4 17. Qe1 exf4 18. Bxf4 Qe7 19. Qd2 Bd4 20. Be3 Qe5 21. Kh1 Bxe3 22. Qxe3 Bd7 23. Rc1 f5 24. Qd2 fxe4 25. dxe4 Rxf2 26. Qxf2 Rf8 27. Qd2 Bb5 28. Kg1 b6 29. Qc2 Qd4+ 0-1

[Event "Rheinland Pfalz-ch Blitz"]
[Site "Landau"]
[Date "2024.05.05"]
[Round "24"]
[White "Falahat, Sascha"]
[Black "Huschens, Matthias"]
[Result "0-1"]
[WhiteElo "1876"]
[BlackElo "2072"]
[PlyCount "74"]
[EventDate "2024.05.05"]
[EventType "tourn (blitz)"]
[EventRounds "29"]
[EventCountry "GER"]
[SourceTitle "CBM 220 Extra"]
[Source "ChessBase"]
[SourceDate "2024.07.31"]
[SourceVersion "1"]
[SourceVersionDate "2024.07.31"]
[SourceQuality "1"]

1. f4 h5 2. Nf3 h4 3. b3 a5 4. Bb2 a4 5. bxa4 Rxa4 6. Nc3 Rxf4 7. e3 Rb4 8. Ba3 Rb6 9. Bc4 e6 10. Bxf8 Kxf8 11. 0-0 Nf6 12. e4 d5 13. exd5 exd5 14. Bb3 h3 15. g3 c5 16. Ne5 Qd6 17. Qe2 Be6 18. Nxd5 Bxd5 19. Bxd5 Qxd5 20. Rae1 Qg2+ 21. Qxg2 hxg2 22. Kxg2 Re6 23. Nd3 Rxe1 24. Rxe1 Nbd7 25. Ne5 Nxe5 26. Rxe5 Nd7 27. Rd5 Ke7 28. d4 cxd4 29. Rxd4 Rc8 30. Rd2 f6 31. h4 Ne5 32. a4 Rc4 33. a5 Ra4 34. Re2 Rxa5 35. g4 Ra4 36. Kg3 Rxg4+ 37. Kh3 Rc4 0-1

[Event "Oberliga Sued W 2324"]
[Site "Germany"]
[Date "2023.12.03"]
[Round "4.1"]
[White "Huschens, Matthias"]
[Black "Mayer, Frank"]
[Result "0-1"]
[WhiteElo "2072"]
[BlackElo "2264"]
[PlyCount "94"]
[EventDate "2023.09.17"]
[EventType "team-tourn"]
[EventRounds "9"]
[EventCountry "GER"]
[SourceTitle "EXT 2025"]
[Source "ChessBase"]
[SourceDate "2024.10.14"]
[SourceVersion "1"]
[SourceVersionDate "2024.10.14"]
[SourceQuality "1"]
[WhiteTeam "Kaiserslautern"]
[BlackTeam "Illingen Turm"]
[WhiteTeamCountry "GER"]
[BlackTeamCountry "GER"]

1. d4 e6 2. Nf3 f5 3. Bf4 Nf6 4. e3 b6 5. h4 Bb7 6. h5 Be7 7. Nc3 0-0 8. Bc4 Bb4 9. a3 Bxc3+ 10. bxc3 Nc6 11. Bd3 d6 12. Bc4 Qe7 13. h6 g6 14. Bg5 Na5 15. Ba2 Ba6 16. Nd2 d5 17. Rh4 Qd6 18. Qc1 Rac8 19. Qb2 Ne4 20. Nxe4 fxe4 21. Rf4 Bc4 22. Qb4 c5 23. dxc5 Rxc5 24. Bxc4 Nxc4 25. Rxf8+ Qxf8 26. Qa4 Rc7 27. Bf4 e5 28. Bg3 Kf7 29. Qb5 Ke6 30. Rd1 Rc5 31. Qa6 Qb8 32. Qa4 Nb2 33. Qb4 Nxd1 34. Kxd1 Qc8 35. Bh4 Qc6 36. a4 a5 37. Qa3 Kf5 38. c4 dxc4 39. Kc1 c3 40. Be7 Rd5 41. Bh4 Qc5 42. Qb3 g5 43. Bg3 Kf6 44. Bh2 Rd8 45. Bg3 Qb4 46. f3 Qxb3 47. cxb3 Rd2 0-1

[Event "Oberliga Sued W 2324"]
[Site "Germany"]
[Date "2023.10.15"]
[Round "2.1"]
[White "Huschens, Matthias"]
[Black "Petersen, Henrik1"]
[Result "1-0"]
[WhiteElo "2060"]
[BlackElo "2164"]
[PlyCount "77"]
[EventDate "2023.09.17"]
[EventType "team-tourn"]
[EventRounds "9"]
[EventCountry "GER"]
[SourceTitle "EXT 2025"]
[Source "ChessBase"]
[SourceDate "2024.10.14"]
[SourceVersion "1"]
[SourceVersionDate "2024.10.14"]
[SourceQuality "1"]
[WhiteTeam "Kaiserslautern"]
[BlackTeam "Koblenz II"]
[WhiteTeamCountry "GER"]
[BlackTeamCountry "GER"]

1. d4 g6 2. Nf3 Bg7 3. c4 c5 4. e3 Nf6 5. Nc3 0-0 6. Be2 cxd4 7. Nxd4 Nc6 8. Nc2 d6 9. e4 Be6 10. 0-0 a5 11. a4 Nd7 12. Ra3 Nc5 13. f3 Qb6 14. Kh1 Na6 15. Nd5 Bxd5 16. cxd5 Ncb4 17. Be3 Qc7 18. Nd4 Rfc8 19. Rc3 Qd8 20. Qd2 Nc5 21. Bb5 h5 22. Qf2 Kh7 23. g4 hxg4 24. Qh4+ Kg8 25. Qxg4 Rc7 26. h4 Qc8 27. Qg2 Kh7 28. f4 Qh8 29. f5 Kg8 30. fxg6 Qxh4+ 31. Kg1 fxg6 32. Qxg6 Qh7 33. Qg2 e5 34. Nf5 Kh8 35. Bxc5 Rg8 36. Rh3 Bh6 37. Rxh6 Rxg2+ 38. Kxg2 Rg7+ 39. Kf3 1-0

[Event "Oberliga Sued W 2324"]
[Site "Germany"]
[Date "2023.09.17"]
[Round "1.2"]
[White "Huschens, Matthias"]
[Black "Mohammad, Samir"]
[Result "0-1"]
[WhiteElo "2064"]
[BlackElo "2295"]
[PlyCount "142"]
[EventDate "2023.09.17"]
[EventType "team-tourn"]
[EventRounds "9"]
[EventCountry "GER"]
[SourceTitle "EXT 2025"]
[Source "ChessBase"]
[SourceDate "2024.10.14"]
[SourceVersion "1"]
[SourceVersionDate "2024.10.14"]
[SourceQuality "1"]
[WhiteTeam "Kaiserslautern"]
[BlackTeam "Saarbruecken SVG"]
[WhiteTeamCountry "GER"]
[BlackTeamCountry "GER"]

1. d4 d5 2. c4 c6 3. cxd5 cxd5 4. Bg5 Nc6 5. Nc3 Nf6 6. Bxf6 gxf6 7. e3 e6 8. Rc1 Bd7 9. Bd3 f5 10. Nh3 Bd6 11. a3 Rc8 12. Qh5 Qf6 13. Qf3 Qh6 14. 0-0 0-0 15. Rfd1 Kh8 16. Bf1 Na5 17. Nf4 Nc4 18. Rb1 b6 19. Nce2 Rc7 20. g3 Rfc8 21. Nd3 Be8 22. Nef4 Bf8 23. Qh5 Qg7 24. Qh3 Nd6 25. Rbc1 Nc4 26. Rb1 a5 27. Nh5 Qg5 28. Nhf4 Bd6 29. Kh1 a4 30. Kg1 Na5 31. Rbc1 Nb3 32. Rxc7 Rxc7 33. Qh5 Qxh5 34. Nxh5 Rc2 35. g4 fxg4 36. Nf6 Bb5 37. Ne1 Be2 38. Bxe2 Rxe2 39. Nd3 Nd2 40. Nxg4 Nc4 41. Rc1 Kg7 42. Nge5 Bxe5 43. dxe5 Rd2 44. Rc3 Nxb2 45. Nxb2 Rxb2 46. Rc7 b5 47. Rb7 Kg6 48. Kg2 Rb3 49. Kf1 h5 50. Kg2 h4 51. h3 f6 52. exf6 Kxf6 53. Rb8 e5 54. Kf3 Kf5 55. Rf8+ Ke6 56. Rb8 Kd6 57. Kg4 d4 58. Rd8+ Ke7 59. Rd5 Ke6 60. e4 d3 61. f4 exf4 62. Kxf4 Rxa3 63. Rxb5 d2 64. Rd5 Rxh3 65. Rxd2 Rb3 66. Ra2 a3 67. e5 h3 68. Rh2 Rb4+ 69. Kg3 Rb2 70. Rh1 a2 71. Ra1 h2 0-1

[Event "GER CupT"]
[Site "Germany"]
[Date "2023.01.28"]
[Round "1.2"]
[White "Schuster, Karsten"]
[Black "Huschens, Matthias"]
[Result "1/2-1/2"]
[WhiteElo "2317"]
[BlackElo "2108"]
[PlyCount "82"]
[EventDate "2023.01.28"]
[EventType "team-k.o."]
[EventRounds "4"]
[EventCountry "GER"]
[SourceTitle "EXT 2024"]
[Source "ChessBase"]
[SourceDate "2023.10.10"]
[SourceVersion "1"]
[SourceVersionDate "2023.10.10"]
[SourceQuality "1"]
[WhiteTeam "Groebenzell"]
[BlackTeam "Kaiserslautern"]
[WhiteTeamCountry "GER"]
[BlackTeamCountry "GER"]

1. d4 d5 2. c4 e6 3. cxd5 exd5 4. Nc3 c6 5. Qc2 h6 6. Bf4 Ne7 7. e3 Bf5 8. Bd3 Bxd3 9. Qxd3 Ng6 10. Bg3 Bd6 11. Nf3 Bxg3 12. hxg3 Nd7 13. 0-0 0-0 14. Rfc1 Qe7 15. Rab1 a5 16. Na4 Rfe8 17. Qb3 Ra7 18. Nc5 Nxc5 19. Rxc5 h5 20. Qa3 h4 21. gxh4 Nxh4 22. Nxh4 Qxh4 23. Rxa5 Rxa5 24. Qxa5 Re6 25. Re1 Rh6 26. f3 Qg3 27. Qd8+ Kh7 28. Re2 Qh2+ 29. Kf2 Rg6 30. Ke1 Qh1+ 31. Kd2 Qb1 32. Qb6 Qxa2 33. Qxb7 Qb1 34. Qxf7 Qxb2+ 35. Ke1 Qc1+ 36. Kf2 Qh1 37. g4 Rh6 38. Qf5+ Kg8 39. Qc8+ Kh7 40. Qf5+ Kg8 41. Qc8+ Kh7 1/2-1/2

[Event "Heusenstamm Sparkassen op-A 5th"]
[Site "Heusenstamm"]
[Date "2018.11.24"]
[Round "4"]
[White "Huschens, Matthias"]
[Black "Siddharth, Jagadeesh"]
[Result "0-1"]
[WhiteElo "1989"]
[BlackElo "2215"]
[PlyCount "82"]
[EventDate "2018.11.22"]
[EventType "swiss"]
[EventRounds "7"]
[EventCountry "GER"]
[SourceTitle "CBM 188 Extra"]
[Source "ChessBase"]
[SourceDate "2019.02.28"]
[SourceVersion "1"]
[SourceVersionDate "2019.02.28"]
[SourceQuality "1"]

1. d4 Nf6 2. Bf4 e6 3. e3 c5 4. c3 d5 5. Nf3 Nc6 6. Nbd2 Bd6 7. Bg3 0-0 8. Bd3 b6 9. e4 dxe4 10. Nxe4 Nxe4 11. Bxe4 Bb7 12. dxc5 Bxc5 13. Qa4 Qc8 14. Bxh7+ Kxh7 15. Qh4+ Kg8 16. Ng5 Re8 17. Qh7+ Kf8 18. Qh8+ Ke7 19. Qxg7 Nd8 20. 0-0-0 Bd5 21. Rhe1 Kd7 22. Nh7 Be7 23. Qe5 Kc6 24. Nf6 Bxf6 25. Qxf6 Bxg2 26. f3 Kb7 27. Rd2 Bh3 28. Be5 Nc6 29. Red1 Nxe5 30. Qxe5 Qc6 31. Rd6 Qxf3 32. Rd7+ Ka6 33. a4 Bf1 34. a5 Rec8 35. Qg7 Rc5 36. axb6 axb6 37. Qg1 Ra5 38. Qd4 Ra1+ 39. Kc2 Qxd1+ 40. Qxd1 Rxd1 41. Kxd1 f5 0-1

[Event "Heusenstamm Sparkassen op-A 5th"]
[Site "Heusenstamm"]
[Date "2018.11.22"]
[Round "1"]
[White "Rabiya, Karim"]
[Black "Huschens, Matthias"]
[Result "0-1"]
[WhiteElo "1754"]
[BlackElo "1989"]
[PlyCount "115"]
[EventDate "2018.11.22"]
[EventType "swiss"]
[EventRounds "7"]
[EventCountry "GER"]
[SourceTitle "CBM 188 Extra"]
[Source "ChessBase"]
[SourceDate "2019.02.28"]
[SourceVersion "1"]
[SourceVersionDate "2019.02.28"]
[SourceQuality "1"]

1. e4 d6 2. d4 Nf6 3. c4 Nxe4 4. Bd3 Nf6 5. Nc3 g6 6. Bg5 Bg7 7. Nf3 0-0 8. Qd2 Bg4 9. 0-0-0 Nc6 10. Be2 a6 11. h3 Bf5 12. d5 Na7 13. Nd4 Bd7 14. Bh6 c5 15. dxc6 Nxc6 16. Bxg7 Kxg7 17. f4 b5 18. g4 b4 19. g5 bxc3 20. gxf6+ exf6 21. Qxc3 Nxd4 22. Rxd4 Qc7 23. Rhd1 d5 24. cxd5 Qxc3+ 25. bxc3 Bxh3 26. d6 Bd7 27. c4 Rac8 28. Kb2 Rfe8 29. R1d2 Rc5 30. Bd1 h5 31. Kc3 Rec8 32. Bb3 Be6 33. d7 Rd8 34. Kb4 Rc7 35. Ba4 Kf8 36. c5 a5+ 37. Kxa5 Rxc5+ 38. Kb6 Rc3 39. Bc6 Ra3 40. Kc7 Ke7 41. Ra4 Rc3 42. Rb4 f5 43. Rb5 f6 44. Rb1 Rxd7+ 45. Rxd7+ Bxd7 46. Re1+ Be6 47. a4 Kf7 48. Kb6 Rb3+ 49. Bb5 Bd7 50. Kc5 Bxb5 51. axb5 g5 52. b6 h4 53. Kc6 g4 54. Ra1 h3 55. Ra7+ Kg6 56. Ra8 h2 57. Rh8 Rh3 58. Rxh3 0-1

[Event "Eschborn op"]
[Site "Eschborn"]
[Date "2018.10.06"]
[Round "3"]
[White "Huschens, Matthias"]
[Black "Lohr, Matthias"]
[Result "1-0"]
[WhiteElo "2028"]
[BlackElo "2068"]
[PlyCount "91"]
[EventDate "2018.10.05"]
[EventType "swiss"]
[EventRounds "5"]
[EventCountry "GER"]
[SourceTitle "CBM 187 Extra"]
[Source "ChessBase"]
[SourceDate "2018.11.04"]
[SourceVersion "1"]
[SourceVersionDate "2018.11.04"]
[SourceQuality "1"]

1. d4 Nf6 2. Nf3 e6 3. g3 c5 4. c3 d5 5. Bg2 Nc6 6. 0-0 Bd6 7. Bg5 h6 8. Bxf6 Qxf6 9. dxc5 Bxc5 10. Nbd2 0-0 11. e4 Rd8 12. Qe2 a5 13. Nb3 Bf8 14. e5 Qe7 15. a4 b6 16. Qe3 Ba6 17. Rfd1 Rab8 18. Nfd4 Nxd4 19. Nxd4 Qd7 20. h4 Bc5 21. g4 Bc4 22. Qg3 Bxd4 23. Rxd4 Rf8 24. g5 h5 25. Bf3 g6 26. Bxh5 gxh5 27. Qf3 f5 28. gxf6 Qf7 29. Kh2 Kh7 30. Rg1 Rg8 31. Rg5 Rxg5 32. hxg5 Rg8 33. Qe3 Qg6 34. f4 Qf5 35. Rd2 Kg6 36. Rf2 Rb8 37. b4 Qe4 38. Qh3 Qf5 39. Qe3 Qd3 40. f5+ exf5 41. Qxd3 Bxd3 42. e6 Kxg5 43. f7 Kg6 44. Rg2+ Kf6 45. Rg8 Rf8 46. Kg3 1-0

[Event "Pfalz-ch MT-B 87th"]
[Site "Landau"]
[Date "2018.03.29"]
[Round "6"]
[White "Huschens, Matthias"]
[Black "Vogel, Johannes"]
[Result "1-0"]
[WhiteElo "1946"]
[BlackElo "2117"]
[PlyCount "73"]
[EventDate "2018.03.23"]
[EventType "tourn"]
[EventRounds "9"]
[EventCountry "GER"]
[SourceTitle "EXT 2019"]
[Source "ChessBase"]
[SourceDate "2018.10.10"]
[SourceVersion "1"]
[SourceVersionDate "2018.10.10"]
[SourceQuality "1"]

1. d4 Nf6 2. Nf3 e6 3. g3 c5 4. c3 Nc6 5. Bg2 d5 6. 0-0 Be7 7. Re1 Ne4 8. Nbd2 f5 9. Nxe4 fxe4 10. Ne5 cxd4 11. Nxc6 bxc6 12. cxd4 0-0 13. f3 exf3 14. exf3 Qb6 15. Re2 e5 16. Kh1 e4 17. Rf2 exf3 18. Bxf3 Bf5 19. Be3 Rae8 20. Qd2 Bg6 21. Bg2 Bf6 22. Raf1 Rf7 23. g4 Rff8 24. g5 Be7 25. a3 Rxf2 26. Rxf2 Qb3 27. Bf4 Qd3 28. h4 Bf8 29. Qxd3 Bxd3 30. Be5 Bc4 31. b4 a5 32. Bh3 axb4 33. axb4 Bb5 34. Bd7 Ra8 35. Be6+ Kh8 36. h5 Bd3 37. h6 1-0

[Event "Rheinland Pfalz op 9th"]
[Site "Lambsheim"]
[Date "2017.06.17"]
[Round "5"]
[White "Huschens, Matthias"]
[Black "Armbrust, Matthias"]
[Result "1-0"]
[WhiteElo "1975"]
[BlackElo "1799"]
[PlyCount "89"]
[EventDate "2017.06.15"]
[EventType "swiss"]
[EventRounds "7"]
[EventCountry "GER"]
[SourceTitle "CBM 178 Extra"]
[Source "ChessBase"]
[SourceDate "2017.06.22"]
[SourceVersion "1"]
[SourceVersionDate "2017.06.22"]
[SourceQuality "1"]

1. d4 g6 2. Nf3 Bg7 3. Bf4 d6 4. c3 Nc6 5. e3 Nf6 6. h3 0-0 7. Be2 Nd7 8. 0-0 e5 9. Bh2 f5 10. a4 a5 11. Na3 Kh8 12. Qb3 g5 13. Nc4 g4 14. hxg4 fxg4 15. Nfd2 h5 16. Ne4 exd4 17. cxd4 Re8 18. Nexd6 cxd6 19. Nxd6 Rf8 20. Nf7+ Rxf7 21. Qxf7 Nf6 22. Rac1 Qd5 23. Qg6 Ne7 24. Qc2 Bd7 25. Bc4 Qe4 26. Bd3 Qd5 27. Qc5 Qxc5 28. Rxc5 Bc6 29. Bb5 Rd8 30. Bc7 Ra8 31. Rfc1 Bf8 32. Be5 Bg7 33. Bxc6 Nxc6 34. Bxf6 Bxf6 35. Rxh5+ Kg7 36. Rb5 Ra7 37. f3 Kg6 38. Kf2 Be7 39. Rh1 Bb4 40. Rhh5 Be7 41. Rhd5 Bf6 42. Rb6 Ne7 43. Rdd6 Ng8 44. Rd7 Ra8 45. Rdxb7 1-0

[Event "Rheinland Pfalz op 9th"]
[Site "Lambsheim"]
[Date "2017.06.17"]
[Round "6"]
[White "Huschens, Matthias"]
[Black "Wacker, Felix"]
[Result "1/2-1/2"]
[WhiteElo "1975"]
[BlackElo "1838"]
[PlyCount "118"]
[EventDate "2017.06.15"]
[EventType "swiss"]
[EventRounds "7"]
[EventCountry "GER"]
[SourceTitle "CBM 178 Extra"]
[Source "ChessBase"]
[SourceDate "2017.06.22"]
[SourceVersion "1"]
[SourceVersionDate "2017.06.22"]
[SourceQuality "1"]

1. d4 Nf6 2. Nf3 g6 3. Bf4 Bg7 4. c3 0-0 5. h3 b6 6. e3 Bb7 7. Be2 d6 8. 0-0 Nbd7 9. Bh2 e6 10. a4 Qe7 11. a5 Ne4 12. Qa4 Rad8 13. Na3 Ng5 14. Qd1 e5 15. Nb5 a6 16. Nxc7 b5 17. dxe5 dxe5 18. Nd5 Qc5 19. Nxg5 Bxd5 20. Qc2 Qe7 21. Nf3 Nc5 22. Nd2 Qg5 23. Bf3 Be6 24. Bg3 Bf5 25. Ne4 Qe7 26. b4 Ne6 27. Qb3 Ng5 28. Nxg5 Qxg5 29. Rfd1 e4 30. Be2 Rc8 31. Rac1 h5 32. Bf4 Qf6 33. Rd6 Rxc3 34. Rxc3 Qxc3 35. Qxc3 Bxc3 36. Rxa6 Bxb4 37. Bxb5 Rc8 38. Bd6 Be1 39. Ra7 Rc1 40. Bf1 Be6 41. Rc7 Rd1 42. a6 Rxd6 43. a7 Rd8 44. Rb7 Ba5 45. Ba6 Bd5 46. Rb5 Bc7 47. Rc5 Bb7 48. Rxc7 Bxa6 49. Rc6 Bb7 50. Rb6 Ba8 51. Rb8 Rf8 52. Kf1 f6 53. Ke1 Kf7 54. Kd2 Ke7 55. Kc3 Rd8 56. Kb4 g5 57. Kc5 Rd5+ 58. Kc4 Rd8 59. Kc5 Rd5+ 1/2-1/2

[Event "Hofheim Spring op-A 4th"]
[Site "Hofheim"]
[Date "2016.04.02"]
[Round "9"]
[White "Krastev, Alexander"]
[Black "Huschens, Matthias"]
[Result "0-1"]
[WhiteElo "1947"]
[BlackElo "1929"]
[PlyCount "128"]
[EventDate "2016.03.29"]
[EventType "swiss"]
[EventRounds "9"]
[EventCountry "GER"]
[SourceTitle "EXT 2017"]
[Source "ChessBase"]
[SourceDate "2016.10.25"]
[SourceVersion "1"]
[SourceVersionDate "2016.10.25"]
[SourceQuality "1"]

1. e4 d6 2. d4 Nf6 3. Nc3 g6 4. f4 Bg7 5. Nf3 c5 6. dxc5 Qa5 7. Bd3 Qxc5 8. Qe2 0-0 9. Be3 Qa5 10. h3 Nh5 11. Qd2 Ng3 12. Rg1 Qb4 13. Nd5 Qxd2+ 14. Nxd2 Nc6 15. Kf2 Nh5 16. Bb5 e6 17. Bxc6 bxc6 18. Ne7+ Kh8 19. g4 Nf6 20. g5 Nd7 21. Nxc6 Bxb2 22. Rab1 Bc3 23. Rgd1 Nc5 24. Bd4+ Bxd4+ 25. Nxd4 Bb7 26. Ke3 Rfd8 27. Rb4 Rac8 28. Rdb1 Ba8 29. c4 e5 30. Ne2 exf4+ 31. Nxf4 Re8 32. Nd5 Bxd5 33. cxd5 Kg7 34. Rf1 Re5 35. h4 Rce8 36. Rd4 R8e7 37. Rf6 h6 38. Rxd6 hxg5 39. Rc6 Nd7 40. Nf3 gxh4 41. Nxe5 Nxe5 42. Rc1 g5 43. d6 Re8 44. Rc7 Kf6 45. Rd5 Rd8 46. Kd4 Nf3+ 47. Kc5 g4 48. Rf5+ Kg6 49. Rfxf7 h3 50. Rg7+ Kh5 51. Rcf7 Kh4 52. Rf4 Ng5 53. Kd5 h2 54. Rf1 Rh8 55. d7 g3 56. Rh1 Kg4 57. e5 Rd8 58. e6 g2 59. Rxh2 g1Q 60. Rd2 Kf5 61. Kd6 Qe1 62. Rd5+ Kf6 63. Rgxg5 Qxe6+ 64. Kc7 Qb6# 0-1

[Event "Hofheim Spring op-A 4th"]
[Site "Hofheim"]
[Date "2016.04.01"]
[Round "7"]
[White "Weishaeutel, Moritz"]
[Black "Huschens, Matthias"]
[Result "0-1"]
[WhiteElo "1987"]
[BlackElo "1929"]
[PlyCount "162"]
[EventDate "2016.03.29"]
[EventType "swiss"]
[EventRounds "9"]
[EventCountry "GER"]
[SourceTitle "CBM 171 Extra"]
[Source "ChessBase"]
[SourceDate "2016.04.26"]
[SourceVersion "1"]
[SourceVersionDate "2016.04.26"]
[SourceQuality "1"]

1. e4 d6 2. d4 Nf6 3. Nc3 g6 4. Be3 c6 5. Qd2 b5 6. Bd3 Qc7 7. Nf3 Nbd7 8. 0-0 Bg7 9. Bh6 0-0 10. Bxg7 Kxg7 11. Qg5 e5 12. dxe5 dxe5 13. Nh4 Nc5 14. Nf5+ Bxf5 15. exf5 Nxd3 16. cxd3 Rad8 17. Ne4 Nxe4 18. dxe4 f6 19. Qg3 Rd4 20. fxg6 hxg6 21. Rfe1 Rfd8 22. Rac1 R8d6 23. Qb3 Qd7 24. h3 a5 25. Qc3 a4 26. b3 Qa7 27. Qe3 Qa5 28. Qc3 Qa7 29. Qe3 a3 30. Rc3 Qd7 31. b4 Rd3 32. Rxd3 Rxd3 33. Qb6 Rd2 34. Rc1 Rxa2 35. Rxc6 Qd4 36. Rxf6 Qxb6 37. Rxb6 Rb2 38. Ra6 a2 39. Kh2 Rxf2 40. Kg3 Rb2 41. Kf3 Kh6 42. Kg3 Kh5 43. Kf3 Kh4 44. Ra8 Kg5 45. Ra6 Rb3+ 46. Kf2 Rxb4 47. Rxa2 Rxe4 48. Ra8 b4 49. Rb8 Kf5 50. Rb6 Rc4 51. Rb8 Rc2+ 52. Ke3 Rxg2 53. Rxb4 Rg3+ 54. Kf2 Rxh3 55. Rb8 g5 56. Rf8+ Ke4 57. Rg8 Rh2+ 58. Kg3 Rh1 59. Kg2 Rh5 60. Kg3 Ke3 61. Re8 e4 62. Kg4 Rh1 63. Kxg5 Rf1 64. Kg4 Kd3 65. Rd8+ Ke2 66. Kg3 Rf3+ 67. Kg2 Rd3 68. Re8 e3 69. Re7 Rd6 70. Kg3 Rf6 71. Kg2 Rg6+ 72. Kh3 Kf2 73. Rf7+ Ke1 74. Re7 e2 75. Re8 Rg5 76. Kh4 Rg1 77. Rd8 Kf2 78. Rf8+ Ke3 79. Re8+ Kd3 80. Rd8+ Kc3 81. Rc8+ Kb4 0-1

[Event "Rheinland Pfalz op 6th"]
[Site "Gau Algesheim"]
[Date "2014.06.19"]
[Round "1"]
[White "Musiolik, David"]
[Black "Huschens, Matthias"]
[Result "0-1"]
[WhiteElo "1435"]
[BlackElo "1893"]
[PlyCount "74"]
[EventDate "2014.06.19"]
[EventType "swiss"]
[EventRounds "7"]
[EventCountry "GER"]
[SourceTitle "CBM 161 Extra"]
[Source "ChessBase"]
[SourceDate "2014.08.29"]
[SourceVersion "1"]
[SourceVersionDate "2014.08.29"]
[SourceQuality "1"]

1. d4 Nf6 2. e3 d6 3. Nf3 g6 4. b3 Bg7 5. Bb2 0-0 6. Bd3 Nbd7 7. Nbd2 c5 8. c4 Qc7 9. Rc1 b6 10. 0-0 Bb7 11. Re1 e6 12. e4 cxd4 13. Bxd4 e5 14. Bb2 Nc5 15. Bb1 a5 16. a3 Bh6 17. h3 Bc6 18. g3 Qb7 19. Qe2 Rad8 20. Rcd1 b5 21. g4 Bg7 22. Bc2 b4 23. a4 Ne8 24. Kh2 Nc7 25. Ng1 N7e6 26. f3 Nf4 27. Qe3 Qe7 28. Ne2 Bh6 29. Ng1 Qh4 30. Kh1 Nxh3 31. f4 Nxf4+ 32. Nh3 Nxh3 33. Qe2 Nf2+ 34. Kg2 Nxd1 35. Rxd1 Bf4 36. Rh1 Qg3+ 37. Kf1 Qe3 0-1